S2 : Histoire Médiévale Personnages - Statistiques

Statistiques générales
  • Ce quiz a été pris 12 fois
    8 depuis la dernière actualisation
  • Le résultat moyen est 25 sur 143
Statistiques - réponses
Description Personnage % Correct
Empereur du Saint-Empire romain germanique, 1014-1024 | Roi d'Angleterre (1154-1189) Henri II
83%
Pape à l’origine de la réforme grégorienne. Grégoire VII
67%
Duc de Normandie, Roi d’Angleterre en 1066 Guillaume le Conquérant
67%
Roi de France, 936-954 Louis IV
67%
Dernier roi carolingien, 986-987 Louis V
67%
Pape qui prêche la première croisade au concile de Clermont en 1095. Urbain II
67%
Archevêque de Reims, partisan d’Hugues Capet Adalbéron
50%
Roi de Francie occidentale, 843-877 Charles le Chauve
50%
Empereur germanique en conflit avec Grégoire VII, excommunié et contraint à la pénitence de Canossa (1077). Henri IV
50%
Roi de France, 954-986 Lothaire
50%
Fils de Charlemagne, poursuivant ces réformes. Louis le Pieux
50%
Roi de France, surnommé "le Gros" en raison de sa stature. Louis VI
50%
Fils de Philippe Auguste, roi de France (1223-1226). Louis VIII
50%
Roi d'Angleterre (1189-1199) Richard Cœur de Lion
50%
Roi de France, 996-1031 Robert II le Pieux
50%
Troisième épouse de Philippe Auguste. Agnès de Méranie
33%
Héritière du duché d’Aquitaine.Héritière du duché d’Aquitaine. Aliénor d’Aquitaine
33%
frère de Saint Louis, époux de l’héritière du comte de Toulouse Alphonse de Poitiers
33%
Princesse russe, épouse d’Henri Ier Anne de Kiev
33%
Roi de Jérusalem, il lutte contre Saladin pour maintenir le royaume chrétien en Terre Sainte. Baudouin IV
33%
Épouse de Louis VIII. Blanche de Castille
33%
Empereur d’Occident, 800-814 Charlemagne
33%
Roi de Francie occidentale, 888-898 Eudes
33%
Roi de France, 1031-1060) Henri Ier
33%
Premier roi capétien, 987-996 Hugues Capet
33%
Roi d'Angleterre (1199-1216). Jean Sans Terre
33%
Empereur byzantin, responsable des compilations du Code de Justinien, Digeste, Institutes et Novelles (VIe siècle). Justinien
33%
Pape combattant la simonie. Léon IX
33%
Saint Louis, règne de 1226 à 1270 Louis IX
33%
épouse de Saint Louis Marguerite de Provence
33%
Fille d’Henri Ier, épouse de Geoffroy Plantagenêt. Mathilde l’Emperesse
33%
Empereur du Saint-Empire romain germanique, 962-973 Otton Ier
33%
Roi de France, 923-936 Raoul de Bourgogne
33%
Roi de France, 922-923 Robert Ier
33%
Chef viking, premier duc de Normandie Rollon
33%
Sultan d'Égypte, il reprend Jérusalem en 1187 et joue un rôle clé dans les croisades. Saladin
33%
Empereur romain de l'Est, responsable du Code théodosien (Ve siècle). Théodose II
33%
Évêque et auteur du Poème au roi Robert, théoricien de la société médiévale tripartite (autour de l’an 1000). Adalbéron de Laon
17%
Mère de Philippe Auguste, influente à la cour. Adèle de Champagne
17%
Pape, en conflit avec Philippe IV le Bel, surtout à cause des décimes et des conflits sur l’autorité de l’église. Boniface VIII
17%
Frère de Philippe IV, impliqué dans les conflits de la guerre d’Aragon. | frère de Philippe le Bel, membre du conseil royal Charles de Valois
17%
mort sans héritier mâle en 1328 Charles IV le Bel
17%
Roi de Francie occidentale, 893-922 Charles le Simple
17%
Pape après Boniface VIII, premier pape d'Avignon, cède aux demandes de Philippe IV. Clément V
17%
Sa fille est mariée à Alphonse de Poitier Comte de Toulouse
17%
Roi d’Angleterre, impliqué dans les conflits avec la France sous Philippe III. Édouard II d'Angleterre
17%
revendique la couronne de France en 1337 Édouard III d'Angleterre
17%
conseiller de Philippe le Bel, exécuté Enguerrand de Marigny
17%
Roi d’Angleterre en lutte contre Mathilde l’Emperesse pour le trône. Étienne de Blois
17%
Empereur germanique en conflit avec la papauté. Frédéric Barberousse
17%
Empereur Hohenstaufen en lutte contre l’Église. Frédéric II
17%
Père d’Henri II, roi d’Angleterre. Geoffroy Plantagenêt
17%
Soutenu par Louis VI pour devenir comte de Flandre après la mort de Charles le Bon. Guillaume Cliton
17%
Chancelier sous Philippe IV, impliqué dans le conflit avec le pape et l'arrestation des templiers. Guillaume de Nogaret
17%
Évêque de Beauvais, petit frère du roi Louis VII, impliqué dans un complot contre lui. Henri de France
17%
Roi d'Angleterre (1216-1272). Henri III
17%
Pape qui a lancé la croisade contre les Albigeois (1209-1229). | Pape, il continue à prêcher la croisade. Innocent III
17%
Épouse de Jean Sans Terre. Isabelle d’Angoulême
17%
Première épouse de Philippe Auguste. Isabelle de Hainaut
17%
fils de Louis X, mort jeune en 1316 Jean Ier
17%
Roi de Germanie, 843-876 Louis le Germanique
17%
Roi de France (1314-1316) Louis X le Hutin
17%
Seconde épouse de Philippe III le Hardi. Marie de Brabant
17%
Pape réservant l’élection papale aux cardinaux et interdisant l’investiture laïque. Nicolas II
17%
Empereur du Saint-Empire romain germanique, 967-983 Otton II
17%
Empereur du Saint-Empire romain germanique, 996-1002 Otton III
17%
Empereur du Saint-Empire (1209-1215). Otton IV
17%
Prétendant au trône impérial. Philippe de Souabe
17%
Roi de France, 1060-1108 Philippe Ier
17%
Roi de France (1316-1322) Philippe V
17%
cousin de Philippe le Bel, devient roi en 1328 Philippe VI de Valois
17%
Moine du XIe siècle qui mentionne l’essor de l’art roman. Raoul Glaber
17%
Chroniqueur de Philippe Auguste. n°1 Rigord
17%
Comte de Dreux, frère d'Henri de France, impliqué dans un complot contre Louis VII. Robert de Dreux
17%
Comte de Neustrie, ancêtre des Capétiens Robert le Fort
17%
Moine fondateur de la règle bénédictine. Saint Benoît
17%
Évêque et martyr, protecteur de l'abbaye de Saint-Denis. Saint Denis
17%
Chanoine et prédicateur, fondateur de l’ordre des Dominicains, qui prêche contre l’hérésie cathare. Saint Dominique
17%
Abbé de Saint-Denis, promoteur de l’ornementation dans l’architecture gothique. | Biographe de Louis VI. Suger de Saint-Denis
17%
Archevêque de Cantorbéry. Thomas Becket
17%
Auteur de De Regno Thomas d’Aquin
17%
Abbé de Saint-Denis, conseiller des rois Louis VI et Louis VII, initiateur de la reconstruction de l'abbatiale de Saint-Denis. Abbée Suger
0%
Moine et auteur des Canons Abbon de Fleury
0%
Calife fatimide d'Égypte (996-1021), il est l'un des califes les plus controversés de l'histoire islamique, connu pour ses actions tyranniques et ses décrets étranges, comme la destruction des lieux saints chrétiens à Jérusalem. Il est également lié à la fondation de la secte des druzes. Al-Hakim bi-Amr Allah
0%
Sultan d'Égypte avec lequel Frédéric II négocie. Al-Kamil
0%
Concubine de Philippe Ier Beltrade de Montfort
0%
Philosophe et théologien, auteur de la citation "nous sommes des nains sur des épaules de géants". Bernard de Chartre
0%
Évêque de Pamiers, impliqué dans le conflit avec Philippe IV le Bel, accusé de crimes politiques. Bernard de Saisset
0%
Chef militaire de la croisade, il est impliqué dans le sac de Constantinople. Boniface de Montferrat
0%
Théologien et écrivain, auteur de la classification des ordres sociaux à la fin du XIe siècle. Bonizo de Sutri
0%
Moine cistercien, auteur du texte sur l'hérésie albigeoise et le catharisme. Césaire de Heisterbach
0%
Comte de Flandre, assassiné en 1127. Charles le Bon
0%
Opposant de Grégoire VII. Clément III
0%
Roi des Francs, marié à l'épouse enterrée à Saint-Denis. Clotaire Ier
0%
Adversaire des premiers Capétiens Comte de Blois
0%
Régent de Philippe Ier Comte de Flandre
0%
Empereur du Saint-Empire Conrad III
0%
Roi des Francs, responsable de la mise en place des moines à l'abbaye de Saint-Denis. Dagobert Ier
0%
Biographe de Robert II Elgo de Fleury
0%
Doge de Venise, il joue un rôle crucial dans la déviation de la croisade vers Constantinople. Enrico Dandolo
0%
Un personnage lié à l'histoire de l'époque, probablement un personnage historique ou fictif, qui peut avoir joué un rôle dans les événements politiques ou religieux de son époque. Sa description exacte est incertaine sans plus de contexte. Gaudry
0%
Précepteur de Philippe IV le Bel, auteur de "De regimine principum". Gilles de Rom
0%
Chef militaire de la croisade, il devient le premier souverain chrétien de Jérusalem après sa prise. Godfrey de Bouillon
0%
Auteur de la chronique mentionnant la prédication de Saint Dominique. Guillaume de Puylaurens
0%
Chroniqueur de Philippe Auguste. n°2 Guillaume Le Breton
0%
Roi d’Angleterre et duc de Normandie. Henri Ier Beauclerc
0%
Roi d’Angleterre et duc de Normandie. Henri II Plantagenêt
0%
Moine de Saint-Denis, soutenant les Carolingiens. Hilduin
0%
Légat de Grégoire VII, chargé d’appliquer les réformes. Hugues de Die
0%
Moine et théologien qui défend une ornementation limitée pour éduquer les fidèles. Hugues de Fouilloy
0%
Vassal du duché d’Aquitaine. Hugues de Lusignan
0%
Personnalité liée à la fondation du monastère de Cîteaux. Hugues de Lyon
0%
Seigneur féodal, ayant rendu hommage à Philippa, comtesse de Valentinois (1237). Hugues de Pierregourde
0%
Deuxième épouse de Philippe Auguste. Ingeburge de Danemark
0%
Pape déposant l’empereur germanique en 1245 lors du concile de Lyon. Innocent IV
0%
Juriste affirmant la souveraineté royale Jean de Blanot
0%
Roi de Jérusalem et chef de la croisade, il dirige l'expédition en Égypte. Jean de Brienne
0%
Auteur de l'Abbreviatio, un texte littéraire dominicain. Jean de Mailly
0%
Épouse de Philippe IV, union qui fusionne les couronnes de Navarre et de France. Jeanne de Navarre
0%
conflits avec le roi de France, soutient Édouard III en 1328 Le comte de Flandre
0%
Abbé de Saint-Denis, figure importante de l’époque. Matthieu de Vendôme
0%
Pape de l'Église catholique romaine du début du XIIe siècle. Il est connu pour son rôle dans les luttes politiques entre le pape et les empereurs du Saint-Empire romain germanique, en particulier sur la question de l'investiture, où il s'opposait à l'ingérence impériale dans les affaires ecclésiastiques. Pascal II
0%
Suzeraine de Hugues de Pierregourde, détentrice du fief du château de Pierregourde (1237). Philippa, comtesse de Valentinois
0%
Roi de France (1180-1223). Philippe Auguste
0%
Roi de France, connu pour son mariage avec Marie de Brabant et ses conflits avec l’entourage royal. Philippe III le Hardi
0%
Conseiller de Philippe III, exécuté en 1278. Pierre de La Broce
0%
Conseiller et proche de Philippe IV, impliqué dans les conflits avec l’église. Pierre Flote
0%
Duc de Bretagne, se révolte en 1229 Pierre Mauclerc
0%
Fondateur des Vaudois, une autre hérésie médiévale. Pierre Valdès
0%
Moine qui fonde l'abbaye de Cîteaux. Robert de Molesme
0%
Roi normand de Sicile. Roger II de Sicile
0%
Fondateur de l’ordre cistercien, opposé à l’ornementation excessive dans l’architecture. | Moine cistercien, fondateur de l'abbaye de Clairvaux. Saint Bernard de Clairvaux
0%
Duchesse de Thuringe, connue pour ses œuvres de charité. Saint Élisabeth de Hongrie
0%
Pape de l’an mille, non issu de l’aristocratie. Sylvestre II
0%
Succède à Charles le Bon comme comte de Flandre après l’échec de Guillaume Cliton. Thierry d’Alsace
0%
Évêque exemplaire, mort après un pèlerinage à Rome. Thierry d'Orléans
0%
auteur de De morali principis instituione Vincent de Beauvais
0%
Propose un compromis pour résoudre la querelle des investitures.Propose un compromis pour résoudre la querelle des investitures. Yves de Chartres
0%
Aucun quiz correspondant
Distribution des résultats
% des personnes avec chaque résultat
Percentile par nombre de réponses
Votre historique - résultats
Vous n’avez pas pris ce quiz depuis la dernière actualisation